Αρχές μάνατζμεντ και μάρκετινγκ οργανισμών και επιχειρήσεων αθλητισμού και αναψυχής Κωνσταντίνος Αλεξανδρής.
Αποθηκεύτηκε σε:
| Κύριος συγγραφέας: | |
|---|---|
| Μορφή: | Βιβλίο |
| Γλώσσα: | Greek |
| Δημοσίευση: |
Αθήνα :
Κυριακίδης,
c2016.
|
| Έκδοση: | 2η βελτ. έκδ. |
| Θέματα: | |
| Ετικέτες: |
Προσθήκη ετικέτας
Δεν υπάρχουν, Καταχωρήστε ετικέτα πρώτοι!
|
MARC
| LEADER | 00000cam a2200000 a 4500 | ||
|---|---|---|---|
| 001 | 1/117911 | ||
| 008 | 190125t2016####gr | ||| |||| ||gre|| | ||
| 020 | |a 9789606021060 |q (χαρτόδετο) | ||
| 040 | |a GR-MyUa |b gre |c GR-MyUa |e AACR2 | ||
| 041 | 0 | |a gre | |
| 082 | 7 | |a 796.069 |2 (23) | |
| 100 | 1 | |a Αλεξανδρής, Κωνσταντίνος. | |
| 245 | 1 | |a Αρχές μάνατζμεντ και μάρκετινγκ οργανισμών και επιχειρήσεων αθλητισμού και αναψυχής / |b Κωνσταντίνος Αλεξανδρής. | |
| 250 | |a 2η βελτ. έκδ. | ||
| 260 | |a Αθήνα : |b Κυριακίδης, |c c2016. | ||
| 300 | |a 548 σ. : |b πίν., σχέδια : |c 24 εκ. | ||
| 650 | 0 | |a Sports administration. | |
| 504 | |a Περιλαμβάνει βιβλιογραφικές παραπομπές. | ||
| 650 | 0 | |a Sports |x Management. | |
| 852 | |a INST |b CHIOS |c EUDOXUS |e 20190125 |h 796.069 ΑΛΕ |p 005200038630 |q 005200038630 |t BK |y 0 | ||
| 920 | |a Εύδοξος |b Παραγγελία |y Χίος-ΤΟΔΙΤ |z 2019-01 | ||
| 970 | |a Σπέντζα |b Ελένη |z 25-01-2019 | ||